Statistiques concernant Préfectures finissant par S

Cliquez ici pour prendre le quiz!

Statistiques générales

  • Ce quiz a été pris 29 fois
  • Le résultat moyen est 19 sur 28

Statistiques - réponses

Préfectures% Correct
Paris
96%
Amiens
85%
Nantes
85%
Rennes
81%
Versailles
81%
Angers
77%
Blois
73%
Nimes
73%
Poitiers
73%
Saint Denis
73%
Tours
73%
Beauvais
69%
Chartres
69%
Le Mans
69%
Orléans
69%
Tarbes
69%
Troyes
65%
Arras
62%
Bourges
62%
Nevers
62%
Privas
62%
Vannes
62%
Moulins
58%
Cahors
54%
Limoges
54%
Charleville-Mézières
46%
Digne les Bains
38%
Évry-Courcouronnes
35%

Distribution des résultats

Percentile par nombre de réponses

% des personnes avec chaque résultat

Votre développement - résultats

Vous n’avez pas pris ce quiz